000 00432nam a2200181Ia 4500
001 8433
005 20260306160609.0
008 260306t2008||||xx |||||||||||||| ||spa||
041 _aESP
082 _a371
_bS67 2008
100 _aUniversidad Politécnica Salesiana
_eAUT
245 0 _aRelaciones entre filosofía y educación
260 _c2008
300 _a
_c
650 _aGEN
654 _aCED
942 _cLIB
_dJUS
_fJUS
_2ddc
_n
999 _c8433
_d8433